| 000 | 00867cam a2200193 4500 | ||
|---|---|---|---|
| 001 | WB3740-12 | ||
| 008 | 011024n2001 000 0 eng u | ||
| 035 | _a(Sirsi) u115264 | ||
| 245 | _aTowns compete for city status | ||
| 260 | _c2001 | ||
| 490 |
_aLord Chancellor's Department Press Release _v(353/01) 22 October 2001 (3) |
||
| 520 | _aForty two local authorities in the UK have applied for grant of city status to mark Her Majesty the Queen's Golden Jubilee. The competition for grant of city status was launched on 25 July 2001 with a closing date of 12 October. The full list of applications and further information on the competition is available at http://www.lcd.gov.uk/dept/depconmin.htm | ||
| 590 | _aWB | ||
| 650 | _aCITY STATUS | ||
| 650 | _aLOCAL AUTHORITIES | ||
| 650 | _aAPPLICATIONS | ||
| 690 | _aPROPERTY-PROPERTY DEVELOPMENT | ||
| 942 | _n0 | ||
| 999 |
_c68647 _d68647 |
||